Die Bronzetüren des Bonanus von Pisa und des Barisanus von Trani
Saved in:
| Main Author: | |
|---|---|
| Document Type: | Book |
| Language: | German |
| Published: |
Berlin
: Deutscher Verein für Kunstwissenschaft
, 1953
|
| Series: | Die frühmittelalterlichen Bronzetüren
4 |
| Subjects: | |
| Related Items: | Elektronische Reproduktion:
Die frühmittelalterlichen Bronzetüren ; 4: Die @Bronzetüren des Bonanus von Pisa und des Barisanus von Trani Rezensiert in: [Rezension von: Albert Boeckler, Die Bronzetüren des Bonanus von Pisa und des Barisanus von Trani] |
| Author Notes: | Albert Boeckler |
| LEADER | 04182cam a2200769 cb4500 | ||
|---|---|---|---|
| 001 | 1110445296 | ||
| 003 | DE-627 | ||
| 005 | 20260610203039.0 | ||
| 007 | tu | ||
| 008 | 940808s1953 xx ||||| 00| ||ger c | ||
| 035 | |a (DE-627)1110445296 | ||
| 035 | |a (DE-603)084884967 | ||
| 035 | |a (DE-576)040445291 | ||
| 035 | |a (DE-599)BSZ040445291 | ||
| 035 | |a (OCoLC)1532165372 | ||
| 035 | |a (OCoLC)164950329 | ||
| 035 | |a (OCoLC)02062231 | ||
| 035 | |a (OCoLC)881693065 | ||
| 040 | |a DE-627 |b ger |c DE-627 |e rakwb | ||
| 041 | |a ger | ||
| 082 | 0 | |a 739 | |
| 084 | |a LI 17160 |2 rvk |0 (DE-625)rvk/95618: | ||
| 084 | |a LH 69270 |2 rvk |0 (DE-625)rvk/94750: | ||
| 100 | 1 | |8 1\p |a Boeckler, Albert |d 1892-1957 |0 (DE-588)116217006 |0 (DE-627)077731158 |0 (DE-576)290364841 |4 aut | |
| 245 | 1 | 4 | |a Die Bronzetüren des Bonanus von Pisa und des Barisanus von Trani |c Albert Boeckler |
| 264 | 1 | |a Berlin |b Deutscher Verein für Kunstwissenschaft |c 1953 | |
| 300 | |a 74 S., 54 Bl. |b Ill. |c 32 cm | ||
| 336 | |a Text |b txt |2 rdacontent | ||
| 337 | |a ohne Hilfsmittel zu benutzen |b n |2 rdamedia | ||
| 338 | |a Band |b nc |2 rdacarrier | ||
| 490 | 1 | |a Die frühmittelalterlichen Bronzetüren / in Verb. mit dem Deutschen Verein für Kunstwissenschaft hrsg. von Richard Hamann |v 4 | |
| 500 | |a Includes bibliographical references and index | ||
| 600 | 0 | 7 | |0 (DE-588)118652524 |0 (DE-627)694848506 |0 (DE-576)20923671X |a Barisanus |c von Trani |2 gnd |
| 600 | 0 | 7 | |0 (DE-588)118661302 |0 (DE-627)079445756 |0 (DE-576)209250801 |a Bonanus |c von Pisa |2 gnd |
| 650 | 0 | 7 | |0 (DE-588)4146698-6 |0 (DE-627)105582174 |0 (DE-576)209751215 |a Bronzetür |2 gnd |
| 651 | 7 | |0 (DE-588)4214236-2 |0 (DE-627)10506663X |0 (DE-576)210219254 |a Kathedrale Monreale |g Monreale |2 gnd | |
| 651 | 7 | |0 (DE-588)4206436-3 |0 (DE-627)105127892 |0 (DE-576)210174943 |a Dom Pisa |g Pisa |2 gnd | |
| 689 | 0 | 0 | |d p |0 (DE-588)118652524 |0 (DE-627)694848506 |0 (DE-576)20923671X |a Barisanus |c von Trani |2 gnd |
| 689 | 0 | 1 | |d s |0 (DE-588)4146698-6 |0 (DE-627)105582174 |0 (DE-576)209751215 |a Bronzetür |2 gnd |
| 689 | 0 | |5 (DE-627) | |
| 689 | 1 | 0 | |d p |0 (DE-588)118661302 |0 (DE-627)079445756 |0 (DE-576)209250801 |a Bonanus |c von Pisa |2 gnd |
| 689 | 1 | 1 | |d s |0 (DE-588)4146698-6 |0 (DE-627)105582174 |0 (DE-576)209751215 |a Bronzetür |2 gnd |
| 689 | 1 | |5 (DE-627) | |
| 689 | 2 | 0 | |d g |0 (DE-588)4214236-2 |0 (DE-627)10506663X |0 (DE-576)210219254 |a Kathedrale Monreale |g Monreale |2 gnd |
| 689 | 2 | 1 | |d s |0 (DE-588)4146698-6 |0 (DE-627)105582174 |0 (DE-576)209751215 |a Bronzetür |2 gnd |
| 689 | 2 | |5 (DE-627) | |
| 689 | 3 | 0 | |d g |0 (DE-588)4206436-3 |0 (DE-627)105127892 |0 (DE-576)210174943 |a Dom Pisa |g Pisa |2 gnd |
| 689 | 3 | 1 | |d s |0 (DE-588)4146698-6 |0 (DE-627)105582174 |0 (DE-576)209751215 |a Bronzetür |2 gnd |
| 689 | 3 | |5 (DE-627) | |
| 776 | 0 | 8 | |i Elektronische Reproduktion |a Boeckler, Albert, 1892 - 1957 |t Die frühmittelalterlichen Bronzetüren ; 4: Die @Bronzetüren des Bonanus von Pisa und des Barisanus von Trani |d Berlin : Deutscher Verein für Kunstwissenschaft, 1953 |h 74 S., 102 S. |w (DE-627)1734905026 |
| 787 | 0 | 8 | |i Rezensiert in |a Grabar, André, 1896 - 1990 |t [Rezension von: Albert Boeckler, Die Bronzetüren des Bonanus von Pisa und des Barisanus von Trani] |d 1954 |w (DE-627)1819945952 |
| 830 | 4 | |a Die frühmittelalterlichen Bronzetüren |v 4 |9 4 |w (DE-627)1110445245 |w (DE-576)040445240 |7 am | |
| 883 | |8 1\p |a cgwrk |d 20241001 |q DE-101 |u https://d-nb.info/provenance/plan#cgwrk | ||
| 936 | r | v | |a LI 17160 |b Bonanus von Pisa |k Kunstgeschichte |k Künstler-Monografien |k Alphabetische Künstlerliste |k Künstler B |k Bonanus von Pisa |0 (DE-627)1270703919 |0 (DE-625)rvk/95618: |0 (DE-576)200703919 |
| 936 | r | v | |a LH 69270 |b Türen (Bronze, Holz) |k Kunstgeschichte |k Allgemeines. Allgemeine Kunstgeschichte |k Kunstgeschichte einzelner Gattungen der Kunst |k Skulptur (Plastik) |k Skulptur nach Gegenständen |k Türen (Bronze, Holz) |0 (DE-627)1271106868 |0 (DE-625)rvk/94750: |0 (DE-576)201106868 |
| 936 | s | n | |a l300 |2 mzub |
| 951 | |a MV | ||
| 990 | |a Barisanus <von Trani> | ||
| 990 | |a Bronzetür | ||
| 990 | |a Bonanus <von Pisa> | ||
| 990 | |a Bronzetür | ||
| 990 | |a Kathedrale Monreale | ||
| 990 | |a Bronzetür | ||
| 990 | |a Dom Pisa | ||
| 990 | |a Bronzetür | ||
| 991 | |a Rezensiertes Werk | ||
| 999 | |a KXP-PPN1110445296 |e 4277323588 | ||


